|
|
|
|
| LEADER |
00000nam a2200000 a 4500 |
| 001 |
vtls008621785 |
| 003 |
SK-MaSNL |
| 005 |
20260301101402.0 |
| 008 |
180530s2005 xo ol f a 100 0 slo |
| 015 |
|
|
|a SNBA2006/05-02728
|
| 020 |
|
|
|a 8070975903
|q (brož.)
|
| 035 |
|
|
|a 237AE7BA-3719-47DB-BB6B-69697971705A
|
| 035 |
|
|
|a urn:nbn:sk:snk-amldvl
|
| 035 |
|
|
|a urn:nbn:sk:snk-am008zon
|
| 040 |
|
|
|a SNK
|b slo
|c SNK
|e AACR2
|
| 041 |
0 |
|
|a eng
|b eng
|
| 072 |
|
7 |
|a 539
|x Fyzikálna stavba hmoty. Jadrová fyzika. Molekulová fyzika
|2 konspekt
|
| 080 |
|
|
|a 539.12
|2 2001
|
| 080 |
|
|
|a (063)
|2 2001
|
| 080 |
|
|
|a 539.1
|2 2001
|
| 111 |
2 |
|
|a Hadron Structure
|d (2004 :
|c Smolenice, Slovensko)
|9 84094
|
| 245 |
1 |
0 |
|a Hadron Structure 2004
|b proceedings of the International Conference : Smolenice Castle, Slovak Republic 30 August - 3 September 2004
|c edited by: S. Dubnička ... [et al.]
|
| 250 |
|
|
|a 1st ed.
|
| 260 |
|
|
|a In Košice
|b Pavol Jozef Šafárik University
|c 2005
|
| 300 |
|
|
|a 260 s.
|b fotogr., sch., tab.
|c 24 cm
|
| 504 |
|
|
|a Bibliogr. odkazy
|
| 506 |
|
|
|a 80 výtl.
|
| 546 |
|
|
|a Res. angl.
|
| 650 |
0 |
7 |
|a jadrová fyzika
|2 SNKPH
|9 817
|
| 650 |
0 |
7 |
|a fyzika elementárnych častíc
|2 SNKPH
|9 68718
|
| 655 |
|
7 |
|a zborníky konferencií
|2 SNKPH
|9 70153
|
| 700 |
1 |
|
|a Dubnička, Stanislav,
|d 1942-
|4 com
|9 39805
|
| 752 |
|
|
|a Slovensko
|d Košice
|
| 919 |
|
|
|a 80-7097-590-3
|
| 958 |
|
|
|a OND
|
| 999 |
|
|
|c 689062
|d 690992
|
| 952 |
|
|
|a SNK
|b SNK
|y VYP
|7 0
|p 17A0497901
|o snkSC 122627 D1
|i snk2006/2834
|8 0
|0 0
|1 0
|4 0
|d 2006-02-10
|l 0
|r 2026-02-23 20:22:14
|w 2026-02-23
|
| 952 |
|
|
|a SNK
|b SNK
|y PREZ
|7 0
|p 17A0497902
|o snkSC 122627
|i snk2006/2833
|8 0
|0 0
|1 0
|4 0
|d 2006-02-10
|f 1
|l 0
|r 2025-06-03 00:00:00
|w 2026-02-23
|